Loading...
Current Events | 2 | 25.00 | 100% | 100% | 50% |
Fine Arts - Classical Music | 6 | 11.67 | 83% | 17% | 17% |
Fine Arts - Other Fine Arts | 8 | 15.00 | 88% | 63% | 0% |
Fine Arts - Painting & Sculpture | 7 | 12.86 | 71% | 43% | 14% |
Geography | 3 | 13.33 | 100% | 33% | 0% |
History - American History | 8 | 16.25 | 100% | 63% | 0% |
History - European History | 6 | 16.67 | 83% | 50% | 33% |
History - Other History | 8 | 8.75 | 63% | 13% | 13% |
History - World History | 6 | 10.00 | 83% | 17% | 0% |
Literature - American Literature | 7 | 10.00 | 86% | 14% | 0% |
Literature - British Literature | 8 | 8.75 | 75% | 13% | 0% |
Literature - European Literature | 7 | 10.00 | 100% | 0% | 14% |
Literature - World Literature | 8 | 15.00 | 100% | 38% | 13% |
Mythology | 5 | 16.00 | 100% | 60% | 0% |
Other Academic | 4 | 17.50 | 100% | 75% | 0% |
Philosophy | 7 | 15.71 | 86% | 71% | 0% |
Religion | 3 | 20.00 | 100% | 67% | 33% |
Science - Biology | 6 | 10.00 | 100% | 0% | 0% |
Science - Chemistry | 4 | 7.50 | 25% | 25% | 25% |
Science - Other Science | 5 | 10.00 | 100% | 0% | 0% |
Science - Physics | 8 | 10.00 | 75% | 25% | 0% |
Social Science | 5 | 20.00 | 100% | 80% | 20% |